000 00602nam a22002057a 4500
999 _c184
_d184
003 OSt
005 20210609060030.0
008 210609b ||||| |||| 00| 0 eng d
020 _a9780176442668
040 _cAlupe University
050 _aH 62
_b.D45 2008
100 _aMichael Del Balso
245 _a First steps : a guide to social research
_cMichael Del Balso, Alan D. Lewis
250 _a4th
260 _a Toronto, Canada
_bThomson Nelson
_c2008
300 _axiii, 303 p.
_b: ill.
_c; 25 cm.
650 _2Social sciences
_a-- Research.
700 _aAlan D Lewis
942 _2lcc
_cBK
_nMW